Geography Quiz

Random Geography or State Quiz

Double Letter State Capitals Quiz Stats

 Plays Quiz Updated Aug 20, 2012

Challenge
Share
Tweet
Embed
Score 0/8 Timer 02:00
1 Play Today
% Correct
Tallahassee
92%
Harrisburg
62.5%
Jefferson City
61.7%
Pierre
61.5%
Annapolis
60.7%
Nashville
56.1%
Little Rock
55.4%
Cheyenne
49.7%

You're not logged in!

Compare scores with friends on all Sporcle quizzes.
Join for Free
OR
Log In

You Might Also Like...

Show Comments

Extras

Top Quizzes Today


Score Distribution

Your Account Isn't Verified!

In order to create a playlist on Sporcle, you need to verify the email address you used during registration. Go to your Sporcle Settings to finish the process.

Report this User

Report this user for behavior that violates our Community Guidelines.

Details: